[Event "Valencia region tt"]
[Site "Valencia"]
[Date "2004.11.??"]
[Round "4"]
[White "Molera Valero, Mariano"]
[Black "Grau Sansaloni, Francisco"]
[Result "1-0"]
[WhiteElo "2083"]
[BlackElo "1941"]
[PlyCount "75"]
[EventDate "2004.10.23"]
[EventType "team-tourn"]
[EventRounds "7"]
[EventCountry "ESP"]
[SourceTitle "EXT 2008"]
[Source "ChessBase"]
[SourceDate "2007.11.25"]
[SourceVersion "1"]
[SourceVersionDate "2007.11.25"]
[SourceQuality "1"]

1. e4 Nf6 2. e5 Nd5 3. c4 Nb6 4. d4 d6 5. f4 dxe5 6. fxe5 Bf5 7. Nc3 e6 8. Be3 Bb4 9. Nf3 0-0 10. Be2 c5 11. 0-0 Bxc3 12. bxc3 Nc6 13. Qe1 Qc7 14. Nh4 Ne7 15. Rc1 Bg6 16. Qg3 Nf5 17. Nxf5 Bxf5 18. d5 Bg6 19. d6 Qc8 20. h4 Kh8 21. Bg5 Nd7 22. Be7 Rg8 23. Bg4 Qe8 24. h5 Be4 25. Qf4 Bf5 26. Bxf5 exf5 27. Qxf5 f6 28. exf6 Nxf6 29. Bxf6 Rf8 30. d7 Qe3+ 31. Qf2 Qxf2+ 32. Rxf2 gxf6 33. Re1 Kg8 34. Re7 Rf7 35. Re8+ Rxe8 36. Re2 Kg7 37. Re7 Kg8 38. Rxe8+ 1-0

[Event "Valencia region tt"]
[Site "Valencia"]
[Date "2004.10.??"]
[Round "1"]
[White "Garcia Gil, Bernardino"]
[Black "Grau Sansaloni, Francisco"]
[Result "0-1"]
[WhiteElo "2039"]
[BlackElo "1941"]
[PlyCount "55"]
[EventDate "2004.10.23"]
[EventType "team-tourn"]
[EventRounds "7"]
[EventCountry "ESP"]
[SourceTitle "EXT 2008"]
[Source "ChessBase"]
[SourceDate "2007.11.25"]
[SourceVersion "1"]
[SourceVersionDate "2007.11.25"]
[SourceQuality "1"]

1. e4 Nf6 2. e5 Nd5 3. c4 Nb6 4. d4 d6 5. exd6 cxd6 6. Nf3 g6 7. Nc3 Bg7 8. Be3 0-0 9. Bd3 Nc6 10. h3 Nb4 11. 0-0 Nxd3 12. Qxd3 Bf5 13. Qe2 Qc7 14. c5 Nc8 15. Nb5 Qc6 16. d5 Qa6 17. Rfe1 dxc5 18. Bxc5 Nd6 19. a4 Rfc8 20. Qxe7 Bf8 21. Qe3 Nc4 22. Qe2 Bxc5 23. Kh1 Nd6 24. Nh4 Bd7 25. Qe7 Bxb5 26. axb5 Qxb5 27. Qf6 Re8 28. Nf3 0-1